000 00752nam a22002297a 4500
003 OSt
005 20260131023205.0
008 260131b |||||||| |||| 00| 0 eng d
020 _a0-7407-1858-4
040 _aDWC-Main lib.
_cOC
082 _aCirc. 305.5234 St25m 2001
100 _aStanley, Thomas J.
245 _aThe millionaire mind/
_cThomas J. Stanley
260 _aKansas City :
_bAndrews McMeel Publishing,
_cc2001
300 _ax, 406 p. :
_c 23 cm.
650 _a1. Capitalists and financiers-psychology
650 _a2. Millionaires-psychology
650 _a3. Rich people-psychology
650 _a4. Success in business-psychological aspects
650 _a5. Wealth-psychological aspects
942 _2ddc
_cBK-CIRC
_hCirc.
_n0
999 _c8060
_d8060